| 000 | 01233cam a2200301 a 4500 | ||
|---|---|---|---|
| 999 |
_c129691 _d129691 |
||
| 001 | 17481707 | ||
| 003 | ARRUPE | ||
| 005 | 20190814112431.0 | ||
| 008 | 121002s2013 enk b 001 0 eng | ||
| 010 | _a 2012035666 | ||
| 020 | _a9780521895958 (hardback) | ||
| 020 | _a9780521720564 (pbk.) | ||
| 040 |
_aDLC _cDLC _dDLC |
||
| 042 | _apcc | ||
| 050 | 0 | 0 |
_aB3279.H48 _bS4433 2013 |
| 082 | 0 | 0 |
_a111 _223 |
| 245 | 0 | 4 |
_aThe Cambridge companion to Heidegger's Being and time / _cedited by Mark A. Wrathall. |
| 260 |
_aCambridge ; _aNew York : _bCambridge University Press, _c2013. |
||
| 300 |
_axx, 426 p. ; _c23 cm. |
||
| 490 | 0 | _aCambridge companions to philosophy | |
| 504 | _aIncludes bibliographical references (p. 403-413) and index. | ||
| 600 | 1 | 0 |
_aHeidegger, Martin, _d1889-1976. _tSein und Zeit. _92211 |
| 650 | 0 |
_aOntology. _947777 |
|
| 650 | 0 |
_aSpace and time. _92213 |
|
| 700 | 1 |
_aWrathall, Mark A. _92547 |
|
| 906 |
_a7 _bcbc _corignew _d1 _eecip _f20 _gy-gencatlg |
||
| 942 |
_2lcc _cMONOGRAPH |
||